<?xml version="1.0" encoding="UTF-8"?><?xml-stylesheet type="text/xsl" href="static/style.xsl"?><OAI-PMH xmlns="http://www.openarchives.org/OAI/2.0/" xmlns:xsi="http://www.w3.org/2001/XMLSchema-instance" xsi:schemaLocation="http://www.openarchives.org/OAI/2.0/ http://www.openarchives.org/OAI/2.0/OAI-PMH.xsd"><responseDate>2026-04-17T20:10:25Z</responseDate><request verb="GetRecord" identifier="oai:www.recercat.cat:10459.1/463249" metadataPrefix="marc">https://recercat.cat/oai/request</request><GetRecord><record><header><identifier>oai:recercat.cat:10459.1/463249</identifier><datestamp>2025-09-15T18:26:47Z</datestamp><setSpec>com_2072_3622</setSpec><setSpec>col_2072_479130</setSpec></header><metadata><record xmlns="http://www.loc.gov/MARC21/slim" xmlns:dcterms="http://purl.org/dc/terms/" xmlns:xsi="http://www.w3.org/2001/XMLSchema-instance" xmlns:doc="http://www.lyncode.com/xoai" xsi:schemaLocation="http://www.loc.gov/MARC21/slim http://www.loc.gov/standards/marcxml/schema/MARC21slim.xsd">
   <leader>00925njm 22002777a 4500</leader>
   <datafield ind2=" " ind1=" " tag="042">
      <subfield code="a">dc</subfield>
   </datafield>
   <datafield ind2=" " ind1=" " tag="720">
      <subfield code="a">Hernández Leal, María José</subfield>
      <subfield code="e">author</subfield>
   </datafield>
   <datafield ind2=" " ind1=" " tag="720">
      <subfield code="a">Pérez Lacasta  , María José</subfield>
      <subfield code="e">author</subfield>
   </datafield>
   <datafield ind2=" " ind1=" " tag="720">
      <subfield code="a">Cardona Cardona, Àngels</subfield>
      <subfield code="e">author</subfield>
   </datafield>
   <datafield ind2=" " ind1=" " tag="720">
      <subfield code="a">Codern-Bové, Núria</subfield>
      <subfield code="e">author</subfield>
   </datafield>
   <datafield ind2=" " ind1=" " tag="720">
      <subfield code="a">Vidal, Carmen</subfield>
      <subfield code="e">author</subfield>
   </datafield>
   <datafield ind2=" " ind1=" " tag="720">
      <subfield code="a">Rué i Monné, Montserrat</subfield>
      <subfield code="e">author</subfield>
   </datafield>
   <datafield ind2=" " ind1=" " tag="720">
      <subfield code="a">Forné Izquierdo, Carles</subfield>
      <subfield code="e">author</subfield>
   </datafield>
   <datafield ind2=" " ind1=" " tag="720">
      <subfield code="a">Carles Lavila, Misericòrdia</subfield>
      <subfield code="e">author</subfield>
   </datafield>
   <datafield ind2=" " ind1=" " tag="260">
      <subfield code="c">2022</subfield>
   </datafield>
   <datafield ind2=" " ind1=" " tag="520">
      <subfield code="a">Objective To analyse women’s stated preferences for establishing the relative importance of each attribute of shared decision-making (SDM) and their willingness to pay (WTP) for more participatory care in breast cancer screening programmes (BCSP). 
Design A discrete choice experiment was designed with 12 questions (choice tasks). It included three attributes: ‘How the information is obtained’, regarding benefits and harms; whether there is a ‘Dialogue for scheduled mammography’ between the healthcare professional and the woman; and, ‘Who makes the decision’, regarding participation in BCSP. Data were obtained using a survey that included 12 choice tasks, 1 question on WTP and 7 socioeconomic-related questions. The analysis was performed using conditional mixed-effect logit regression and stratification according to WTP.
Setting Data collection related to BCSP was conducted between June and November 2021 in Catalonia, Spain. 
Participants Sixty-five women aged between 50 and 60.
Main outcome measures Women’s perceived utility of each attribute, trade-off on these attributes and WTP for SDM in BCSP.
Result The only significant attribute was ‘Who makes the decision’. The decision made alone (coefficient=2.879; 95% CI=2.297 to 3.461) and the decision made together with a healthcare professional (2.375; 95% CI=1.573 to 3.177) were the options preferred by women. The former contributes 21% more utility than the latter. Moreover, 52.3% of the women stated a WTP of €10 or more for SDM. Women’s preferences regarding attributes did not influence their WTP.
Conclusions The participant women refused a current paternalistic model and preferred either SDM or informed decision-making in BCSP.</subfield>
   </datafield>
   <datafield ind2=" " ind1=" " tag="520">
      <subfield code="a">Financial support for this study was entirely provided by a grant from Instituto de Salud Carlos III through the project PI18/00773 (co-funded by European Regional Development Fund) and the European Union’s Horizon 2020 research and innovation programme under Marie Skłodowska-Curie grant agreement No. 713679 from the Universitat Rovira i Virgili (URV). The funding agreement ensures the authors’ independence in designing the study, interpreting data, and writing and publishing the report.</subfield>
   </datafield>
   <datafield tag="653" ind2=" " ind1=" ">
      <subfield code="a">Breast tumours</subfield>
   </datafield>
   <datafield tag="653" ind2=" " ind1=" ">
      <subfield code="a">Health economics</subfield>
   </datafield>
   <datafield tag="653" ind2=" " ind1=" ">
      <subfield code="a">Preventive medicine</subfield>
   </datafield>
   <datafield tag="653" ind2=" " ind1=" ">
      <subfield code="a">Primary care</subfield>
   </datafield>
   <datafield ind2="0" ind1="0" tag="245">
      <subfield code="a">Women’s preference to apply shared  decision-making in breast cancer screening: a discrete choice experiment</subfield>
   </datafield>
</record></metadata></record></GetRecord></OAI-PMH>